000 01956cam a22004334i 4500
003 PE-LiUPU
005 20250731173216.0
008 150625s1961 mx r 000 0 spa d
035 _a(Sirsi) a33069
040 _aPE-LiUPU
_bspa
_cPE-LiUPU
_dPE-LiUPU
_erda
049 _aPRUA
082 0 4 _a220.93
_bS27
_221
100 1 _aSchubert, Kurt,
_eautor.
245 1 3 _aLa comunidad del mar muerto :
_bsus orígenes y enseñanzas /
_cKurt Schubert.
264 1 _aMexico :
_bHispano america,
_c1961.
300 _a185, páginas ;
_c17 centímetros
336 _atext
_2rdacontent
337 _aunmediated
_2rdamedia
338 _avolume
_2rdacarrier
505 0 _aLos textos -- Los problemas del canon -- La edad de los textos -- La historia de los descubrimientos -- Las excavaciones en las ruinas del monasterio de Hirbet Qumran -- Los predecesores de la comunidad esenia de Hirbet qumran -- El origen de la comunidad esenia de Hirbet Qumran y sus relaciones con los fariseos y los saduceos -- La comunidad esenia de Hirbet Qumran -- La teologia de la comunidad y las esperanzas escatologicas de los esenios de Qumran -- El maestro de ser justo y los dos Mesias -- El desarrollo del cristianismo y los textos de Qumran.
526 _aSEG42
526 _aSEG41
526 _aSEG40
526 _aSEG39
526 _aP94
526 _aP87
526 _aP86
526 _aP85
526 _aP77
526 _aP76
526 _aP35
650 0 4 _aManuscritos del Mar Muerto.
942 _2ddc
_cBOOK
949 _a220.93 S27
_wDEWEY
_c1
_i12868
_lCCODEBUL1
_mBUL
_p10.00
_r0
_sY
_tBOOK
_u2015-06-25
_xBIBLIOTECA
_zUNKNOWN
_0COMPRA
_o.STAFF. Colección Teología
994 _aC0
_bPEPRU
596 _a1
999 _a220.93 S27
_wDEWEY
_c40790
_i12868
_f2021-11-9
_g6
_lCCODEBUL1
_mBUL
_p25.00
_r0
_sY
_tBOOK
_u2015-6-25
_xTEOLOGIA
_PP35
_0COMPRA
_o.STAFF. Colección Teología
_d40790
980 _81
_gALBERTO SANCHEZ Responsable de Automatización